THE ECONOMIC WAY OF THINKING (Record no. 6879)

MARC details
000 -LEADER
fixed length control field 00403nam a22001697a 4500
003 - CONTROL NUMBER IDENTIFIER
control field OSt
005 - DATE AND TIME OF LATEST TRANSACTION
control field 20210924152423.0
008 - FIXED-LENGTH DATA ELEMENTS--GENERAL INFORMATION
fixed length control field 210924b |||||||| |||| 00| 0 eng d
020 ## - INTERNATIONAL STANDARD BOOK NUMBER
International Standard Book Number 013603957X
040 ## - CATALOGING SOURCE
Transcribing agency HU
082 ## - DEWEY DECIMAL CLASSIFICATION NUMBER
Classification number 330/HEY
100 ## - MAIN ENTRY--PERSONAL NAME
Personal name HEYNE
Fuller form of name PAUL HEYNE
9 (RLIN) 7263
245 ## - TITLE STATEMENT
Title THE ECONOMIC WAY OF THINKING
260 ## - PUBLICATION, DISTRIBUTION, ETC.
Place of publication, distribution, etc. UPPER SADDLE RIVER
Name of publisher, distributor, etc. HILL
Date of publication, distribution, etc. 2010
300 ## - PHYSICAL DESCRIPTION
Extent 428
942 ## - ADDED ENTRY ELEMENTS (KOHA)
Source of classification or shelving scheme Dewey Decimal Classification
Koha item type Books like text book referance book
Suppress in OPAC No
Holdings
Withdrawn status Lost status Source of classification or shelving scheme Damaged status Not for loan Home library Current library Shelving location Date acquired Total Checkouts Full call number Barcode Date last seen Copy number Price effective from Koha item type
    Dewey Decimal Classification     Natural & Computational Science Library Natural & Computational Science Library General Stacks 09/24/2021   330/HEN NSCLIB00012897 09/24/2021 1 09/24/2021 Books like text book referance book